[Event "2. BUNDESLIGA MITTE 2018/2019"]
[Site "Grieskirchen, Friedberg/Sauwald, St. Veit, Deutschlandsberg"]
[Date "2019.01.18"]
[Round "6"]
[Board "6"]
[White "Manhardt, Thomas"]
[Black "Hellmayr, Alois"]
[Result "1/2-1/2"]
[WhiteElo "2264"]
[BlackElo "2283"]
[PlyCount "96"]
[EventDate "2018.10.19"]
[EventType "team"]
[EventRounds "11"]
[EventCountry "AUT"]
[WhiteTeam "EJ Gleisdorf"]
[BlackTeam "SPG Sauwald"]

1. e4 c5 2. Be2 Nc6 3. f4 g6 4. Nf3 Bg7 5. O-O d6 6. c3 f5 7. d3 e6 8. Kh1 Nge7
9. Be3 b6 10. Nbd2 O-O 11. Rc1 Qd7 12. a3 Bb7 13. Qe1 Rae8 14. Qh4 Nd8 15. Qh3
Nf7 16. Rfe1 Kh8 17. Bd1 Ng8 18. Nh4 Ne7 19. Bf3 Kg8 20. Bd1 d5 21. e5 d4 22.
cxd4 cxd4 23. Bf2 g5 24. fxg5 Nxe5 25. Bb3 Ng4 26. Bg1 Bd5 27. Bd1 Ne3 28. Bf3
Bxf3 29. Nhxf3 N7d5 30. Qg3 e5 31. Nc4 f4 32. Qh4 e4 33. dxe4 Rxe4 34. Ncd2 Re6
35. Qh5 Rfe8 36. g6 h6 37. Nh4 Qe7 38. Ndf3 d3 39. Nf5 Nxf5 40. Qxf5 Bxb2 41.
Qxd5 Bxc1 42. Nd4 Be3 43. Nxe6 Qxe6 44. Qxd3 Kg7 45. Rf1 Qxg6 46. Qd7+ Kh8 47.
Qxa7 Rg8 48. Qb7 Qd3  1/2-1/2

[Event "2. BUNDESLIGA MITTE 2018/2019"]
[Site "Grieskirchen, Friedberg/Sauwald, St. Veit, Deutschlandsberg"]
[Date "2019.01.18"]
[Round "6"]
[Board "1"]
[White "Nemeth, Miklos"]
[Black "Ftacnik, Lubomir"]
[Result "1/2-1/2"]
[WhiteElo "2491"]
[BlackElo "2513"]
[PlyCount "59"]
[EventDate "2018.10.19"]
[EventType "team"]
[EventRounds "11"]
[EventCountry "AUT"]
[WhiteTeam "SV Steyregg"]
[BlackTeam "SC Pinggau-Friedberg"]

1. e4 c5 2. Nf3 d6 3. d4 cxd4 4. Nxd4 Nf6 5. Nc3 e6 6. g4 h6 7. h3 Nc6 8. Be3
a6 9. Qe2 Nxd4 10. Bxd4 e5 11. Be3 b5 12. Bg2 b4 13. Nd5 Nxd5 14. exd5 a5 15.
Be4 Be7 16. a3 Ba6 17. Bd3 Bxd3 18. Qxd3 O-O 19. axb4 axb4 20. O-O Bg5 21. Qe4
Bxe3 22. fxe3 Qb6 23. Kg2 Rfc8 24. Rxa8 Rxa8 25. h4 Qc5 26. Rf2 Ra5 27. Rd2 Ra8
28. Rf2 Ra7 29. Rd2 Ra8 30. Rf2  1/2-1/2

[Event "2. BUNDESLIGA MITTE 2018/2019"]
[Site "Grieskirchen, Friedberg/Sauwald, St. Veit, Deutschlandsberg"]
[Date "2019.01.18"]
[Round "6"]
[Board "2"]
[White "Milanovic, Danilo"]
[Black "Kovacs, Gabor"]
[Result "1/2-1/2"]
[WhiteElo "2493"]
[BlackElo "2457"]
[PlyCount "42"]
[EventDate "2018.10.19"]
[EventType "team"]
[EventRounds "11"]
[EventCountry "AUT"]
[WhiteTeam "SC Pinggau-Friedberg"]
[BlackTeam "SV Steyregg"]

1. d4 d5 2. Bf4 e6 3. e3 Bd6 4. Nf3 c5 5. Nc3 Nf6 6. dxc5 Bxc5 7. Nb5 Na6 8.
Be2 O-O 9. O-O Bd7 10. h3 Be7 11. a4 Nc5 12. c3 a6 13. Nbd4 Rc8 14. a5 Be8 15.
c4 dxc4 16. Bxc4 Nd5 17. Bh2 Ne4 18. Qb3 Nc5 19. Qd1 Ne4 20. Qb3 Nc5 21. Qd1
Ne4  1/2-1/2

[Event "2. BUNDESLIGA MITTE 2018/2019"]
[Site "Grieskirchen, Friedberg/Sauwald, St. Veit, Deutschlandsberg"]
[Date "2019.01.18"]
[Round "6"]
[Board "3"]
[White "Enoeckl, Philipp"]
[Black "Schnider, Gert"]
[Result "1/2-1/2"]
[WhiteElo "2291"]
[BlackElo "2424"]
[PlyCount "58"]
[EventDate "2018.10.19"]
[EventType "team"]
[EventRounds "11"]
[EventCountry "AUT"]
[WhiteTeam "SV Steyregg"]
[BlackTeam "SC Pinggau-Friedberg"]

1. b3 Nf6 2. Bb2 g6 3. Bxf6 exf6 4. c4 d5 5. cxd5 Qxd5 6. Nc3 Qa5 7. a3 c6 8.
e3 Bg7 9. b4 Qd8 10. d4 O-O 11. Bc4 f5 12. Nge2 Nd7 13. O-O Nf6 14. Qc2 Qe7 15.
Nf4 Ne8 16. Be2 Nd6 17. b5 Bd7 18. g4 Rfc8 19. bxc6 Bxc6 20. Qb3 Bh6 21. Nfd5
Qe6 22. Rab1 Ne4 23. Nxe4 fxe4 24. Bc4 Qd6 25. Rfc1 Rab8 26. Nc3 Qe7 27. Nd5
Qd6 28. Nc3 Qe7 29. Nd5 Qd6  1/2-1/2

[Event "2. BUNDESLIGA MITTE 2018/2019"]
[Site "Grieskirchen, Friedberg/Sauwald, St. Veit, Deutschlandsberg"]
[Date "2019.01.18"]
[Round "6"]
[Board "4"]
[White "Mahdy, Khaled"]
[Black "Meyer, Gordon"]
[Result "1-0"]
[WhiteElo "2382"]
[BlackElo "2206"]
[PlyCount "49"]
[EventDate "2018.10.19"]
[EventType "team"]
[EventRounds "11"]
[EventCountry "AUT"]
[WhiteTeam "SC Pinggau-Friedberg"]
[BlackTeam "SV Steyregg"]

1. e4 c5 2. Nf3 Nf6 3. e5 Nd5 4. Nc3 e6 5. g3 d6 6. Bg2 Nc6 7. exd6 Nxc3 8.
dxc3 Bxd6 9. Ng5 Qc7 10. Be3 Ne5 11. Qe2 O-O 12. O-O-O a5 13. f4 Ng6 14. Qh5 h6
15. Nxf7 Nxf4 16. Nxh6+ gxh6 17. gxf4 Bxf4 18. Rhe1 Ra6 19. Bxf4 Qxf4+ 20. Kb1
Qf5 21. Qxh6 e5 22. Bd5+ Be6 23. Bxe6+ Rxe6 24. Rg1+ Kf7 25. Qg7+  1-0

[Event "2. BUNDESLIGA MITTE 2018/2019"]
[Site "Grieskirchen, Friedberg/Sauwald, St. Veit, Deutschlandsberg"]
[Date "2019.01.18"]
[Round "6"]
[Board "5"]
[White "Wiesinger, Robert"]
[Black "Schieder, Andreas"]
[Result "0-1"]
[WhiteElo "2233"]
[BlackElo "2205"]
[PlyCount "64"]
[EventDate "2018.10.19"]
[EventType "team"]
[EventRounds "11"]
[EventCountry "AUT"]
[WhiteTeam "SV Steyregg"]
[BlackTeam "SC Pinggau-Friedberg"]

1. e4 e5 2. Nf3 Qe7 3. Bc4 d6 4. Nc3 Nf6 5. O-O Bg4 6. h3 Bh5 7. Be2 h6 8. Re1
g5 9. d4 c6 10. Be3 Nbd7 11. Nd2 Bg6 12. Nf1 Nxe4 13. Nxe4 Bxe4 14. Ng3 Bg6 15.
Bd3 Qf6 16. Nh5 Qe6 17. f4 Bxd3 18. cxd3 O-O-O 19. fxe5 Rg8 20. Bf2 Qd5 21. Qg4
Kb8 22. Nf6 Nxf6 23. exf6 Rg6 24. Re2 Rxf6 25. Rae1 Rf4 26. Qh5 Bg7 27. Re8
Rxe8 28. Rxe8+ Kc7 29. Re7+ Kb6 30. Bg3 Qxd4+ 31. Kh2 Rf1 32. h4 g4  0-1

[Event "2. BUNDESLIGA MITTE 2018/2019"]
[Site "Grieskirchen, Friedberg/Sauwald, St. Veit, Deutschlandsberg"]
[Date "2019.01.18"]
[Round "6"]
[Board "6"]
[White "Danner, Georg"]
[Black "Holzleithner, Johannes"]
[Result "1-0"]
[WhiteElo "2330"]
[BlackElo "1968"]
[PlyCount "71"]
[EventDate "2018.10.19"]
[EventType "team"]
[EventRounds "11"]
[EventCountry "AUT"]
[WhiteTeam "SC Pinggau-Friedberg"]
[BlackTeam "SV Steyregg"]

1. d4 e6 2. Nf3 Nf6 3. e3 b6 4. Bd3 Bb7 5. O-O Be7 6. c4 O-O 7. Nc3 d5 8. b3 c5
9. Bb2 Na6 10. Qe2 cxd4 11. exd4 Nb4 12. Bb1 dxc4 13. bxc4 Bxf3 14. Qxf3 Qxd4
15. a3 Qxc4 16. axb4 Qb3 17. Qe2 Qxb4 18. Ba3 Qxc3 19. Bxe7 Rfc8 20. Bxf6 Qxf6
21. Be4 Rab8 22. Rxa7 b5 23. Rb7 b4 24. Qb5 Qf4 25. g3 Qd6 26. Rb1 f5 27. Qxb4
Qxb4 28. R1xb4 Rc1+ 29. Kg2 Rxb7 30. Bxb7 Kf7 31. h4 Re1 32. Ba6 e5 33. Bc8 g6
34. Rb7+ Kf6 35. Rxh7 f4 36. Rc7  1-0

[Event "2. BUNDESLIGA MITTE 2018/2019"]
[Site "Grieskirchen, Friedberg/Sauwald, St. Veit, Deutschlandsberg"]
[Date "2019.01.18"]
[Round "6"]
[Board "1"]
[White "Gonda, Laszlo"]
[Black "Hera, Imre"]
[Result "1/2-1/2"]
[WhiteElo "2530"]
[BlackElo "2605"]
[PlyCount "26"]
[EventDate "2018.10.19"]
[EventType "team"]
[EventRounds "11"]
[EventCountry "AUT"]
[WhiteTeam "ASK St.Valentin"]
[BlackTeam "SPG Fuerstenfeld/Hartberg"]

1. Nf3 c5 2. c4 Nc6 3. Nc3 Nf6 4. e3 g6 5. d4 cxd4 6. exd4 d5 7. cxd5 Nxd5 8.
Qb3 e6 9. Bg5 Be7 10. Bh6 Bf8 11. Bg5 Be7 12. Bh6 Bf8 13. Bg5 Be7  1/2-1/2

[Event "2. BUNDESLIGA MITTE 2018/2019"]
[Site "Grieskirchen, Friedberg/Sauwald, St. Veit, Deutschlandsberg"]
[Date "2019.01.18"]
[Round "6"]
[Board "2"]
[White "Korpa, Bence"]
[Black "Sandhoefner, Florian"]
[Result "1-0"]
[WhiteElo "2503"]
[BlackElo "2310"]
[PlyCount "65"]
[EventDate "2018.10.19"]
[EventType "team"]
[EventRounds "11"]
[EventCountry "AUT"]
[WhiteTeam "SPG Fuerstenfeld/Hartberg"]
[BlackTeam "ASK St.Valentin"]

1. Nf3 Nf6 2. g3 d5 3. Bg2 c6 4. O-O Bf5 5. d3 e6 6. Nfd2 h6 7. e4 Bh7 8. Nc3
Nbd7 9. f4 Bc5+ 10. Kh1 O-O 11. g4 Qe7 12. Qe2 a5 13. g5 hxg5 14. fxg5 Ne8 15.
Nf3 dxe4 16. Nxe4 Bb6 17. Nh4 Nd6 18. Ng3 Rae8 19. Bd2 Nb5 20. c3 Nc5 21. d4
Nd7 22. Be4 g6 23. Nh5 Nd6 24. Nf6+ Nxf6 25. gxf6 Qd8 26. Bg2 Nf5 27. Bg5 Bc7
28. Nxf5 exf5 29. Qf2 Re6 30. Qh4 Rfe8 31. Rf3 Re4 32. Qh6 Re1+ 33. Bf1  1-0

[Event "2. BUNDESLIGA MITTE 2018/2019"]
[Site "Grieskirchen, Friedberg/Sauwald, St. Veit, Deutschlandsberg"]
[Date "2019.01.18"]
[Round "6"]
[Board "3"]
[White "Hajnal, Zoltan"]
[Black "Freitag, Manfred"]
[Result "1/2-1/2"]
[WhiteElo "2402"]
[BlackElo "2357"]
[PlyCount "37"]
[EventDate "2018.10.19"]
[EventType "team"]
[EventRounds "11"]
[EventCountry "AUT"]
[WhiteTeam "ASK St.Valentin"]
[BlackTeam "SPG Fuerstenfeld/Hartberg"]

1. e4 c5 2. Nf3 d6 3. d4 cxd4 4. Nxd4 Nf6 5. Nc3 a6 6. Be3 e5 7. Nb3 Be6 8. Qd2
Be7 9. f3 O-O 10. O-O-O a5 11. a4 Nc6 12. g4 Nb4 13. g5 Nh5 14. Rg1 Rc8 15. Kb1
Qc7 16. Qf2 Bd8 17. Qd2 Be7 18. Qf2 Bd8 19. Qd2  1/2-1/2

[Event "2. BUNDESLIGA MITTE 2018/2019"]
[Site "Grieskirchen, Friedberg/Sauwald, St. Veit, Deutschlandsberg"]
[Date "2019.01.18"]
[Round "6"]
[Board "4"]
[White "Csonka, Attila"]
[Black "Heimberger, Reinhard"]
[Result "1-0"]
[WhiteElo "2375"]
[BlackElo "2235"]
[PlyCount "103"]
[EventDate "2018.10.19"]
[EventType "team"]
[EventRounds "11"]
[EventCountry "AUT"]
[WhiteTeam "SPG Fuerstenfeld/Hartberg"]
[BlackTeam "ASK St.Valentin"]

1. e4 c5 2. Nf3 d6 3. d4 cxd4 4. Qxd4 Nc6 5. Bb5 Bd7 6. Qd3 g6 7. Nc3 Bg7 8.
Bg5 h6 9. Bh4 Nb4 10. Bxd7+ Qxd7 11. Qd2 Rc8 12. O-O Nf6 13. a3 Nc6 14. Rad1 g5
15. Bg3 Nh5 16. Rfe1 Nxg3 17. hxg3 Ne5 18. Nxe5 Bxe5 19. Re3 Rc4 20. Nd5 Rd4
21. Rd3 Rxe4 22. f3 Rc4 23. b3 Rc5 24. f4 Bg7 25. Nxe7 Qxe7 26. Re1 Be5 27. b4
Rc6 28. fxe5 dxe5 29. Rxe5 Qxe5 30. Re3 f6 31. Rxe5+ fxe5 32. Qd5 Rf8 33. b5
Rb6 34. c4 Rf7 35. Qxe5+ Re7 36. Qb8+ Kf7 37. Qxa7 Rf6 38. g4 b6 39. Qa8 Rf4
40. Qc6 Re6 41. Qc7+ Kg6 42. c5 bxc5 43. b6 Rf7 44. Qxc5 h5 45. gxh5+ Kxh5 46.
a4 Re1+ 47. Kh2 Rf4 48. Qb5 Rff1 49. b7 Kh4 50. Qb4+ g4 51. g3+ Kh5 52. Qxe1
 1-0

[Event "2. BUNDESLIGA MITTE 2018/2019"]
[Site "Grieskirchen, Friedberg/Sauwald, St. Veit, Deutschlandsberg"]
[Date "2019.01.18"]
[Round "6"]
[Board "5"]
[White "Tober, Gerhard"]
[Black "Kuba, Guenter"]
[Result "1/2-1/2"]
[WhiteElo "2203"]
[BlackElo "2329"]
[PlyCount "72"]
[EventDate "2018.10.19"]
[EventType "team"]
[EventRounds "11"]
[EventCountry "AUT"]
[WhiteTeam "ASK St.Valentin"]
[BlackTeam "SPG Fuerstenfeld/Hartberg"]

1. e4 e5 2. Nf3 Nc6 3. d4 exd4 4. Bc4 Bc5 5. c3 Nf6 6. cxd4 Bb4+ 7. Bd2 Bxd2+
8. Nbxd2 d5 9. exd5 Nxd5 10. Qb3 Nce7 11. O-O O-O 12. Rfe1 c6 13. Ne5 Qb6 14.
Ndf3 Qxb3 15. Bxb3 h6 16. Nd3 Rd8 17. h3 Kf8 18. Rad1 Bf5 19. Nc5 b6 20. Nd3
Bxd3 21. Rxd3 Rd6 22. Rc1 Rad8 23. g3 f6 24. Rd2 g5 25. Re2 Nc7 26. a4 h5 27.
g4 hxg4 28. hxg4 Ncd5 29. Bxd5 Rxd5 30. Kg2 R8d7 31. Rh1 Ng6 32. Kg3 R5d6 33.
Rc2 Re6 34. Rhc1 Ne7 35. b4 Rd5 36. Ra1 a5  1/2-1/2

[Event "2. BUNDESLIGA MITTE 2018/2019"]
[Site "Grieskirchen, Friedberg/Sauwald, St. Veit, Deutschlandsberg"]
[Date "2019.01.18"]
[Round "6"]
[Board "6"]
[White "Postl, Anton"]
[Black "Kranzl, Peter"]
[Result "1-0"]
[WhiteElo "2288"]
[BlackElo "2157"]
[PlyCount "82"]
[EventDate "2018.10.19"]
[EventType "team"]
[EventRounds "11"]
[EventCountry "AUT"]
[WhiteTeam "SPG Fuerstenfeld/Hartberg"]
[BlackTeam "ASK St.Valentin"]

1. Nf3 Nf6 2. g3 g6 3. Bg2 Bg7 4. d4 O-O 5. c4 d6 6. O-O c6 7. Nc3 Bf5 8. Ng5
h6 9. e4 Bg4 10. f3 Bd7 11. Nh3 e5 12. Be3 Na6 13. Qd2 Kh7 14. Rfd1 Qe7 15. Nf2
Rfd8 16. d5 c5 17. a3 Ng8 18. Re1 h5 19. h4 Rdc8 20. Nd3 b6 21. b4 Bh6 22. f4
f6 23. Rf1 Qg7 24. Nb5 Bxb5 25. cxb5 Nc7 26. a4 Ne7 27. bxc5 bxc5 28. Nb2 Rf8
29. Nc4 Rad8 30. Rab1 exf4 31. gxf4 f5 32. e5 dxe5 33. d6 exf4 34. Bxf4 Bxf4
35. Qxf4 Ned5 36. Qf2 Nc3 37. dxc7 Qxc7 38. b6 axb6 39. Rxb6 Ne4 40. Qb2 Kh6
41. Rb7 Qg3  1-0

[Event "2. BUNDESLIGA MITTE 2018/2019"]
[Site "Grieskirchen, Friedberg/Sauwald, St. Veit, Deutschlandsberg"]
[Date "2019.01.18"]
[Round "6"]
[Board "1"]
[White "Halvax, Georg"]
[Black "Genser, Harald"]
[Result "1-0"]
[WhiteElo "2421"]
[BlackElo "2274"]
[PlyCount "73"]
[EventDate "2018.10.19"]
[EventType "team"]
[EventRounds "11"]
[EventCountry "AUT"]
[WhiteTeam "SC MPOE Maria Saal II"]
[BlackTeam "SC Die Klagenfurter"]

1. e4 e6 2. d4 d5 3. Nd2 c5 4. exd5 Qxd5 5. Ngf3 cxd4 6. Bc4 Qd7 7. O-O Nc6 8.
Nb3 Nf6 9. Nbxd4 Nxd4 10. Nxd4 a6 11. Re1 b5 12. Bb3 Bb7 13. Bg5 Ne4 14. Be3
Be7 15. Qg4 Nf6 16. Qg3 Ne4 17. Qh3 Nc5 18. Nf5 O-O-O 19. Nxe7+ Qxe7 20. c4
Nxb3 21. axb3 b4 22. Ra5 Rd7 23. Qg3 f6 24. Bc5 Qd8 25. Bxb4 e5 26. Bc3 Qb6 27.
b4 Rhd8 28. b5 axb5 29. Rxb5 Qe6 30. Qe3 Kb8 31. Ra5 Ba8 32. f3 Rc8 33. Rea1
Bb7 34. Qa7+ Kc7 35. Rb5 Rb8 36. Ba5+ Kc8 37. Qc5+  1-0

[Event "2. BUNDESLIGA MITTE 2018/2019"]
[Site "Grieskirchen, Friedberg/Sauwald, St. Veit, Deutschlandsberg"]
[Date "2019.01.18"]
[Round "6"]
[Board "2"]
[White "Petschar, Kurt"]
[Black "Naumann, Alexander"]
[Result "0-1"]
[WhiteElo "2239"]
[BlackElo "2538"]
[PlyCount "62"]
[EventDate "2018.10.19"]
[EventType "team"]
[EventRounds "11"]
[EventCountry "AUT"]
[WhiteTeam "SC Die Klagenfurter"]
[BlackTeam "SC MPOE Maria Saal II"]

1. e4 c5 2. Nf3 d6 3. Bb5+ Nd7 4. c3 a6 5. Ba4 Ngf6 6. Qe2 b5 7. Bc2 Bb7 8. d3
g6 9. O-O Bg7 10. a4 O-O 11. h3 e5 12. Bg5 h6 13. Bh4 Qb6 14. axb5 axb5 15.
Rxa8 Rxa8 16. Na3 Nh5 17. Kh2 d5 18. c4 Nf4 19. Qd2 bxc4 20. dxc4 dxe4 21. Ng1
Nxg2 22. Bg3 Nf8 23. Rd1 Nf4 24. Nb5 Qc6 25. Qd6 Ra2 26. Nc3 Qxd6 27. Rxd6 Rxb2
28. Bxe4 Bxe4 29. Nxe4 N8e6 30. Rc6 Rc2 31. Nxc5 Rxc4  0-1

[Event "2. BUNDESLIGA MITTE 2018/2019"]
[Site "Grieskirchen, Friedberg/Sauwald, St. Veit, Deutschlandsberg"]
[Date "2019.01.18"]
[Round "6"]
[Board "3"]
[White "Rieger, Robert"]
[Black "Jakits, Leopold"]
[Result "0-1"]
[WhiteElo "2297"]
[BlackElo "2175"]
[PlyCount "76"]
[EventDate "2018.10.19"]
[EventType "team"]
[EventRounds "11"]
[EventCountry "AUT"]
[WhiteTeam "SC MPOE Maria Saal II"]
[BlackTeam "SC Die Klagenfurter"]

1. e4 c6 2. d4 d5 3. f3 dxe4 4. fxe4 e5 5. Nf3 Bg4 6. Bc4 Nd7 7. c3 b5 8. Bd3
Bd6 9. O-O Ngf6 10. Be3 O-O 11. Nbd2 Qc7 12. h3 Bh5 13. Qc2 a6 14. a4 Bg6 15.
b3 Rfe8 16. Rae1 Rab8 17. axb5 axb5 18. Rb1 c5 19. d5 c4 20. bxc4 bxc4 21. Be2
Nxd5 22. Bf2 Bc5 23. Rxb8 Rxb8 24. Bxc4 Bxf2+ 25. Rxf2 Ne3 26. Qd3 Nxc4 27.
Qxc4 Qxc4 28. Nxc4 f6 29. Nd6 Nc5 30. Re2 Rd8 31. Nf5 Rd1+ 32. Kh2 Rd3 33. Ne7+
Kf7 34. Nxg6 Kxg6 35. c4 Rc3 36. Nd2 Rc2 37. h4 Kf7 38. Kg1 Nb3  0-1

[Event "2. BUNDESLIGA MITTE 2018/2019"]
[Site "Grieskirchen, Friedberg/Sauwald, St. Veit, Deutschlandsberg"]
[Date "2019.01.18"]
[Round "6"]
[Board "4"]
[White "Waldmann, Gerald"]
[Black "Hartl, Daniel"]
[Result "1/2-1/2"]
[WhiteElo "2151"]
[BlackElo "2271"]
[PlyCount "85"]
[EventDate "2018.10.19"]
[EventType "team"]
[EventRounds "11"]
[EventCountry "AUT"]
[WhiteTeam "SC Die Klagenfurter"]
[BlackTeam "SC MPOE Maria Saal II"]

1. e4 d5 2. exd5 Nf6 3. d4 Bg4 4. Nf3 Qxd5 5. Be2 Nc6 6. O-O e6 7. c4 Qd7 8.
Be3 Bd6 9. Nc3 O-O 10. Qa4 Rfd8 11. Rfd1 Qe8 12. a3 a6 13. b4 Na7 14. Qb3 c6
15. Bg5 Be7 16. Ra2 h6 17. Bf4 Nc8 18. h3 Bf5 19. Bc7 Rd7 20. Bh2 Nd6 21. Na4
Nc8 22. Ne5 Rd8 23. Bf3 Bd6 24. Re2 Ne7 25. Nc5 Rab8 26. g4 Bh7 27. Qe3 Ng6 28.
Ncd3 Nd7 29. Red2 Ndxe5 30. dxe5 Bc7 31. Be4 Qe7 32. f4 a5 33. c5 axb4 34. axb4
f6 35. Nb2 Rxd2 36. Rxd2 fxe5 37. fxe5 Rd8 38. Nc4 Rxd2 39. Qxd2 Nh4 40. Bxh7+
Kxh7 41. Qd3+ Kg8 42. Bg3 Qg5 43. Kf2  1/2-1/2

[Event "2. BUNDESLIGA MITTE 2018/2019"]
[Site "Grieskirchen, Friedberg/Sauwald, St. Veit, Deutschlandsberg"]
[Date "2019.01.18"]
[Round "6"]
[Board "5"]
[White "Steiner, Josef"]
[Black "Opietnik, Christoph"]
[Result "1/2-1/2"]
[WhiteElo "2062"]
[BlackElo "2081"]
[PlyCount "148"]
[EventDate "2018.10.19"]
[EventType "team"]
[EventRounds "11"]
[EventCountry "AUT"]
[WhiteTeam "SC MPOE Maria Saal II"]
[BlackTeam "SC Die Klagenfurter"]

1. Nf3 d5 2. c4 e6 3. g3 Nf6 4. Bg2 dxc4 5. Qa4+ Nbd7 6. Qxc4 a6 7. d4 b5 8.
Qc2 Bb7 9. O-O Rc8 10. a4 c5 11. Qd1 Qb6 12. axb5 axb5 13. dxc5 Bxc5 14. Nc3
O-O 15. Qd3 Bc6 16. Ng5 Ne5 17. Qb1 Neg4 18. e3 Rfd8 19. Nge4 Be7 20. h3 Ne5
21. Nxf6+ Bxf6 22. Ne4 Be7 23. Nd2 Bb4 24. Bxc6 Qxc6 25. Qe4 Qxe4 26. Nxe4 Rc2
27. Nc3 Bxc3 28. bxc3 Nc4 29. Ba3 Rxc3 30. Be7 Rb8 31. Rfb1 f6 32. Ra7 Rd3 33.
Kg2 Rd2 34. Kg1 Ne5 35. Bb4 Rd7 36. Ra6 Kf7 37. Bd6 Rbb7 38. Bxe5 fxe5 39. Rb4
Rd5 40. Rc6 Ke7 41. Kg2 Kd7 42. Rc2 Kd6 43. f4 Rc5 44. Rd2+ Kc6 45. Rd8 Rc4 46.
Rc8+ Rc7 47. Rxc7+ Kxc7 48. Rxb5 exf4 49. gxf4 Ra4 50. Kf3 Ra7 51. h4 Kd6 52.
Rb6+ Ke7 53. h5 Kf6 54. e4 Kf7 55. Kg4 h6 56. f5 Re7 57. e5 Re8 58. Kf4 Re7 59.
Rb8 Ra7 60. fxe6+ Kxe6 61. Rb6+ Ke7 62. Kf5 Rc7 63. Kg6 Rc5 64. Kf5 Rc7 65. Rg6
Kf7 66. Ra6 Rb7 67. Ra4 Rc7 68. Rd4 Ra7 69. Rd7+ Rxd7 70. e6+ Ke7 71. exd7 Kxd7
72. Kg6 Ke6 73. Kxg7 Kf5 74. Kxh6 Kf6  1/2-1/2

[Event "2. BUNDESLIGA MITTE 2018/2019"]
[Site "Grieskirchen, Friedberg/Sauwald, St. Veit, Deutschlandsberg"]
[Date "2019.01.18"]
[Round "6"]
[Board "1"]
[White "Schwabeneder, Florian"]
[Black "Schachinger, Mario"]
[Result "1/2-1/2"]
[WhiteElo "2430"]
[BlackElo "2396"]
[PlyCount "98"]
[EventDate "2018.10.19"]
[EventType "team"]
[EventRounds "11"]
[EventCountry "AUT"]
[WhiteTeam "SPK Grieskirchen/Schallerbach"]
[BlackTeam "Frauental"]

1. e4 e5 2. Nf3 Nc6 3. g3 Nf6 4. d3 d5 5. exd5 Nxd5 6. Bg2 Be7 7. O-O O-O 8.
Re1 f6 9. c3 Nb6 10. d4 Bg4 11. Qb3+ Kh8 12. dxe5 fxe5 13. Nxe5 Nxe5 14. Rxe5
Nd7 15. Rxe7 Qxe7 16. Be3 Ne5 17. Nd2 c6 18. Qa4 Qe6 19. Bc5 Rfd8 20. Bd4 c5
21. Be3 h6 22. Qb5 Qb6 23. Qxb6 axb6 24. Bxb7 Ra7 25. Bg2 Rad7 26. h3 Be2 27.
f4 Nc4 28. Nxc4 Rd1+ 29. Rxd1 Rxd1+ 30. Kf2 Bxc4 31. a3 Rb1 32. b4 Rb2+ 33. Kg1
cxb4 34. axb4 b5 35. Bd4 Kg8 36. Be4 Kf7 37. g4 g6 38. h4 Re2 39. Bf3 Rd2 40.
Be4 Be6 41. f5 gxf5 42. gxf5 Bc4 43. f6 h5 44. Bf3 Kg6 45. f7 Kxf7 46. Bxh5+
Kg8 47. Bf3 Bd3 48. h5 Kh7 49. h6 Ra2  1/2-1/2

[Event "2. BUNDESLIGA MITTE 2018/2019"]
[Site "Grieskirchen, Friedberg/Sauwald, St. Veit, Deutschlandsberg"]
[Date "2019.01.18"]
[Round "6"]
[Board "2"]
[White "Mohr, Georg"]
[Black "Haba, Petr"]
[Result "1/2-1/2"]
[WhiteElo "2449"]
[BlackElo "2445"]
[PlyCount "60"]
[EventDate "2018.10.19"]
[EventType "team"]
[EventRounds "11"]
[EventCountry "AUT"]
[WhiteTeam "Frauental"]
[BlackTeam "SPK Grieskirchen/Schallerbach"]

1. Nf3 d5 2. c4 d4 3. e3 Nc6 4. exd4 Nxd4 5. Nxd4 Qxd4 6. Be2 Nh6 7. d3 Nf5 8.
Nd2 e5 9. O-O Be7 10. Nf3 Qd6 11. Re1 O-O 12. Bf1 Bf6 13. Bd2 Bd7 14. Bc3 Rfe8
15. Nd2 Bc6 16. Ne4 Bxe4 17. Rxe4 Nd4 18. Bxd4 exd4 19. Rxe8+ Rxe8 20. Qa4 c6
21. Qxa7 Qb4 22. Qa3 Qxa3 23. bxa3 Ra8 24. Rb1 Ra7 25. g3 Kf8 26. Bh3 Rxa3 27.
Rb3 Rxb3 28. axb3 Be7 29. Bc8 b6 30. Bb7 c5  1/2-1/2

[Event "2. BUNDESLIGA MITTE 2018/2019"]
[Site "Grieskirchen, Friedberg/Sauwald, St. Veit, Deutschlandsberg"]
[Date "2019.01.18"]
[Round "6"]
[Board "3"]
[White "Kilgus, Georg"]
[Black "Steiner, Stefan"]
[Result "1-0"]
[WhiteElo "2436"]
[BlackElo "2319"]
[PlyCount "75"]
[EventDate "2018.10.19"]
[EventType "team"]
[EventRounds "11"]
[EventCountry "AUT"]
[WhiteTeam "SPK Grieskirchen/Schallerbach"]
[BlackTeam "Frauental"]

1. e4 c5 2. Nf3 e6 3. d4 cxd4 4. Nxd4 Qb6 5. Nb3 Qc7 6. Nc3 a6 7. g3 b5 8. Bg2
Bb7 9. O-O d6 10. a4 bxa4 11. Rxa4 Nc6 12. Re1 Nf6 13. Qe2 Be7 14. f4 O-O 15.
g4 Rfe8 16. Be3 Nd7 17. Qf2 Bd8 18. Rd1 Rc8 19. g5 Nb6 20. Bxb6 Qxb6 21. Rxd6
Qxf2+ 22. Kxf2 e5 23. Bh3 Bb6+ 24. Kf3 Rcd8 25. Rxd8 Rxd8 26. Nd5 Nd4+ 27. Nxd4
Bxd4 28. c3 Bg1 29. fxe5 Bxh2 30. e6 fxe6 31. Bxe6+ Kf8 32. Rb4 Rb8 33. Nf4 a5
34. Rb3 Bxf4 35. Kxf4 Re8 36. Bf5 Re7 37. Bxh7 Kf7 38. Rb6  1-0

[Event "2. BUNDESLIGA MITTE 2018/2019"]
[Site "Grieskirchen, Friedberg/Sauwald, St. Veit, Deutschlandsberg"]
[Date "2019.01.18"]
[Round "6"]
[Board "4"]
[White "Ebner, Hubert"]
[Black "Singer, Christoph"]
[Result "0-1"]
[WhiteElo "2243"]
[BlackElo "2347"]
[PlyCount "88"]
[EventDate "2018.10.19"]
[EventType "team"]
[EventRounds "11"]
[EventCountry "AUT"]
[WhiteTeam "Frauental"]
[BlackTeam "SPK Grieskirchen/Schallerbach"]

1. c4 e6 2. Nf3 d5 3. g3 Nf6 4. Bg2 dxc4 5. Qa4+ c6 6. Qxc4 b5 7. Qb3 Bb7 8. d4
a6 9. O-O c5 10. dxc5 Nbd7 11. c6 Bxc6 12. Be3 Rc8 13. Rc1 Be7 14. Nbd2 O-O 15.
Qd1 Bd5 16. Nd4 Bxg2 17. Kxg2 Nd5 18. Nf1 Bf6 19. Kg1 Nxe3 20. fxe3 Nc5 21. Rc2
Na4 22. Rxc8 Qxc8 23. Qb3 Qc5 24. Rd1 h6 25. Rd2 Rd8 26. Rc2 Qh5 27. Nf3 Qd5
28. Qxd5 Rxd5 29. b3 Nc3 30. a3 Rd1 31. Nd4 Nd5 32. Kf2 Rxf1+ 33. Kxf1 Nxe3+
34. Kf2 Bxd4 35. Rc8+ Kh7 36. Kf3 f5 37. Rc6 e5 38. h4 e4+ 39. Kf2 Nc2+ 40. Kg2
Nxa3 41. Rxa6 b4 42. h5 Nc2 43. Ra5 Bc3 44. Rxf5 Ne3+  0-1